Existing use value valuations for UK public sector financial statements (Record no. 121556)
[ view plain ]
| 000 -LEADER | |
|---|---|
| fixed length control field | 01094nam a22002537a 4500 |
| 008 - FIXED-LENGTH DATA ELEMENTS--GENERAL INFORMATION | |
| fixed length control field | 230623s2023 xxk|||||o|||| 00| 0 eng d |
| 041 ## - LANGUAGE CODE | |
| Language code of text/sound track or separate title | eng |
| 110 ## - MAIN ENTRY--CORPORATE NAME | |
| Corporate author | Royal Institution of Chartered Surveyors |
| 245 ## - TITLE STATEMENT | |
| Title | Existing use value valuations for UK public sector financial statements |
| Subtitle | a consultation |
| Medium | [Electronic resource] |
| 260 ## - PUBLICATION INFORMATION | |
| Place of publication | London, |
| Publisher | Royal Institution of Chartered Surveyors, |
| Date | 3 April 2023 |
| 300 ## - PHYSICAL DESCRIPTION | |
| Physical description | 48p. |
| 490 ## - SERIES TITLE | |
| Series statement | RICS Consultation |
| 490 ## - SERIES TITLE | |
| Series statement | RICS Professional Standard |
| 520 ## - ABSTRACT | |
| Abstract | Consultation opened 3rd April 2023 and closed 2nd May 2023<br/> |
| 650 ## - KEYWORDS | |
| Keywords | EXISTING USE VALUE |
| 650 ## - KEYWORDS | |
| Keywords | VALUATION |
| 651 ## - SUBJECT ADDED ENTRY--GEOGRAPHIC NAME | |
| Geographic name | United Kingdom |
| 690 ## - BROAD SUBJECT | |
| 9 (RLIN) | 6273 |
| Broad subject | Valuation |
| 700 ## - ADDED PERSONAL NAME | |
| Added personal author | Stalker, Graham |
| 710 ## - ADDED CORPORATE NAME | |
| Added corporate author | Royal Institution of Chartered Surveyors |
| 856 ## - ONLINE RESOURCE | |
| Uniform Resource Identifier | <a href="https://consultations.rics.org/gf2.ti/-/1491714/163125221.1/PDF/-/EUV_March%202023_clean%20for%20consultation.pdf">https://consultations.rics.org/gf2.ti/-/1491714/163125221.1/PDF/-/EUV_March%202023_clean%20for%20consultation.pdf</a> |
| Public note | View the draft Professional Standard on RICS iConsult |
| 856 ## - ONLINE RESOURCE | |
| Uniform Resource Identifier | <a href="https://consultations.rics.org/euv/consultationHome">https://consultations.rics.org/euv/consultationHome</a> |
| Public note | View the RICS iConsult homepage on EUV |
| 942 ## - ADDED ENTRY ELEMENTS (KOHA) | |
| Suppress in OPAC | Do not suppress in OPAC |
| Lost status | Source of classification or shelving scheme | Damaged status | Not for loan | Current library | Shelving location | Date acquired | Total Checkouts | Full call number | Date last seen | Price effective from | Koha item type |
|---|---|---|---|---|---|---|---|---|---|---|---|
| Dewey Decimal Classification | Virtual | Online | 23/06/2023 | RICS iConsult | 23/06/2023 | 23/06/2023 | Online material |